| 000 | 00581nam a2200205 u 4500 | ||
|---|---|---|---|
| 005 | 20220628073935.0 | ||
| 008 | 100513s2009 cl r 000 0 spa d | ||
| 020 | _a9789589827376 | ||
| 035 | _aUPN01000175825 | ||
| 049 | _aCG | ||
| 050 | 4 |
_aPQ9697 L3.3 _bP5.8 |
|
| 100 | 1 | _aLacerda, Nilma | |
| 245 | 1 | 0 |
_aPluma de ganso / _cNilma Lacerda ; tr. Beatriz Peña. |
| 260 |
_aBogotá : _bBabel, _c2009. |
||
| 300 | _a159 p. | ||
| 534 |
_pTítulo original: _tPena do ganso |
||
| 650 | 0 |
_aNovela brasileña _95077 |
|
| 650 | 4 |
_aLITERATURA JUVENIL BRASILEÑA _914184 |
|
| 905 | _aLibro | ||
| 999 |
_c147928 _d147928 |
||